IRRDB TPD workshop 26-28 July, 1994 South Chini Academy of tropical crops Hainan, China (Record no. 43983)
[ view plain ]
| 000 -LEADER | |
|---|---|
| fixed length control field | 00373nam a2200121Ia 4500 |
| 082 ## - DEWEY DECIMAL CLASSIFICATION NUMBER | |
| Classification number | NR:063IR`1994' |
| Item number | IRR |
| 245 #0 - TITLE STATEMENT | |
| Title | IRRDB TPD workshop 26-28 July, 1994 South Chini Academy of tropical crops Hainan, China |
| 260 ## - PUBLICATION, DISTRIBUTION, ETC. (IMPRINT) | |
| Place of publication | China |
| Name of publisher | IRRDB |
| Year of publication | 1994 |
| 650 ## - SUBJECT ADDED ENTRY--TOPICAL TERM | |
| Topical Term | Hevea brown bast |
| 650 ## - SUBJECT ADDED ENTRY--TOPICAL TERM | |
| Topical Term | Tapping panel dryness |
| 942 ## - ADDED ENTRY ELEMENTS (KOHA) | |
| Koha item type | Books |
| Withdrawn status | Lost status | Damaged status | Not for loan | Home library | Current library | Date acquired | Source of acquisition | Full call number | Accession Number | Koha item type |
|---|---|---|---|---|---|---|---|---|---|---|
| RRII Library | RRII Library | 16/12/2021 | Gift | NR:063IR`1994' IRR | G00732 | Books |